Statistiken für UEFA Champions League Sieger? #1

Klicken Sie hier um das Quiz zu spielen!

Allgemein

  • Dieses Quiz wurde 178 mal gespielt
  • Das Durchschnittsergebnis liegt bei 9 aus 10

Antwortstatistiken

HintAntwort% Korrekt
FC BarcelonaJa
99%
Juventus TurinJa
97%
Benfica LissabonJa
92%
PFK ZSKA MoskauNein
91%
Hamburger SVJa
87%
AS RomNein
84%
Paris Saint GermainNein
83%
Celtic GlasgowJa
76%
Steaua BukarestJa
74%
FC Arsenal LondonNein
68%

Verteilung der Resultate

Perzentil nach korrekt beantworteten Fragen

Anzahl Personen mit jedem Resultat

Ihre Resultats-Entwicklung

Sie haben dieses Quiz noch nicht gespielt